[Event "MVP-ch Seniors op 19th"]
[Site "Ostseebad Binz"]
[Date "2019.12.05"]
[Round "9"]
[White "Moews, Harald"]
[Black "Flechsig, Bernd"]
[Result "1/2-1/2"]
[WhiteElo "1733"]
[BlackElo "1921"]
[PlyCount "69"]
[EventDate "2019.11.27"]
[EventType "swiss"]
[EventRounds "9"]
[EventCountry "GER"]
[SourceTitle "EXT 2021"]
[Source "ChessBase"]
[SourceDate "2020.10.23"]
[SourceVersion "1"]
[SourceVersionDate "2020.10.23"]
[SourceQuality "1"]

1. e4 b6 2. d4 e6 3. f4 Bb7 4. e5 g6 5. Nf3 Bg7 6. Be2 Ne7 7. 0-0 0-0 8. Qe1 d6 9. c3 Nd7 10. Na3 a6 11. Nc2 Rc8 12. Ne3 b5 13. a4 c6 14. exd6 Nf5 15. Nxf5 exf5 16. Qh4 Nf6 17. Ne5 Qxd6 18. Bf3 Ra8 19. Nd3 Ne4 20. g4 Bxd4+ 21. cxd4 Qxd4+ 22. Nf2 c5 23. gxf5 gxf5 24. Ra3 Kh8 25. Bg2 Rg8 26. Kh1 Rg7 27. Nxe4 Rxg2 28. Kxg2 Rg8+ 29. Kh3 Bxe4 30. Rg3 Rg4 31. Rxg4 fxg4+ 32. Qxg4 Qd3+ 33. Kh4 Qxf1 34. Qc8+ Kg7 35. Qxc5 1/2-1/2

[Event "MVP-ch Seniors op 14th"]
[Site "Binz"]
[Date "2014.12.01"]
[Round "7"]
[White "Flechsig, Bernd"]
[Black "Jung, Michael"]
[Result "1/2-1/2"]
[WhiteElo "1734"]
[BlackElo "1592"]
[PlyCount "36"]
[EventDate "2014.11.25"]
[EventType "swiss"]
[EventRounds "9"]
[EventCountry "GER"]
[SourceTitle "EXT 2016"]
[Source "ChessBase"]
[SourceDate "2015.10.08"]
[SourceVersion "1"]
[SourceVersionDate "2015.10.08"]
[SourceQuality "1"]

1. d4 d5 2. e3 Nf6 3. Bd3 e6 4. Nd2 c5 5. c3 Nc6 6. f4 Bd7 7. Qe2 c4 8. Bc2 Bd6 9. Ngf3 h6 10. Ne5 b5 11. e4 dxe4 12. Nxe4 Be7 13. Ng3 Nxe5 14. fxe5 Nd5 15. Qg4 g5 16. 0-0 Bc6 17. Qh5 Kd7 18. Ne4 f5 1/2-1/2

[Event "MVP-ch Seniors op 14th"]
[Site "Binz"]
[Date "2014.11.28"]
[Round "4"]
[White "Graffenberger, Wilhelm"]
[Black "Flechsig, Bernd"]
[Result "1/2-1/2"]
[WhiteElo "1537"]
[BlackElo "1734"]
[PlyCount "32"]
[EventDate "2014.11.25"]
[EventType "swiss"]
[EventRounds "9"]
[EventCountry "GER"]
[SourceTitle "EXT 2016"]
[Source "ChessBase"]
[SourceDate "2015.10.08"]
[SourceVersion "1"]
[SourceVersionDate "2015.10.08"]
[SourceQuality "1"]

1. d4 d5 2. Nf3 Nf6 3. e3 e6 4. Bd3 Bd6 5. Nbd2 Nbd7 6. 0-0 c5 7. c3 b6 8. e4 dxe4 9. Nxe4 Be7 10. Bg5 Bb7 11. Bxf6 Nxf6 12. Nxf6+ gxf6 13. Bb5+ Kf8 14. Qd2 h5 15. Be2 Qc7 16. Rad1 Rd8 1/2-1/2

[Event "MVP-ch Seniors op 14th"]
[Site "Binz"]
[Date "2014.11.25"]
[Round "1"]
[White "Flechsig, Bernd"]
[Black "Stuiber, Ingeborg"]
[Result "1-0"]
[WhiteElo "1734"]
[BlackElo "1164"]
[PlyCount "37"]
[EventDate "2014.11.25"]
[EventType "swiss"]
[EventRounds "9"]
[EventCountry "GER"]
[SourceTitle "EXT 2016"]
[Source "ChessBase"]
[SourceDate "2015.10.08"]
[SourceVersion "1"]
[SourceVersionDate "2015.10.08"]
[SourceQuality "1"]

1. e4 d5 2. exd5 Qxd5 3. Nf3 Qe6+ 4. Be2 Nc6 5. d4 Qd7 6. c4 e6 7. 0-0 Nf6 8. Nc3 Be7 9. a3 b6 10. d5 exd5 11. cxd5 Nd8 12. Bb5 c6 13. Ne5 Qc7 14. Nxc6 Bd7 15. Nxe7 Bxb5 16. Nxb5 Qxe7 17. Re1 Nxd5 18. Rxe7+ Nxe7 19. Nc7+ 1-0